000 00634nam a2200229Ia 4500
003 OSt
005 20220928104919.0
006 a|||||r|||| 00| 0
007 ta
008 220927b |||||||| |||| 00| 0 eng d
024 _a35125
037 _cTextual
040 _aSDCL
_cSDCL
_beng
041 _2eng
_aeng
082 _aX9(J).2'N8, N5
100 _aSharma H R
_9412843
245 0 _aAgrarian relations in India
_b Patterns and implications
260 _aNew Delhi
_bHar-Anand Publications
_c1995
300 _a317p
_ccm.
942 _hX9(J).2'N8, N5
_cTEXL
_2CC
999 _c728591
_d728591